Choix de chroniques et memoires sur l'Histoire de France (Record no. 5233)
[ view plain ]
| 000 -LEADER | |
|---|---|
| campo de control de longitud fija | 01660npm a2200361 i 4500 |
| 001 - NÚMERO DE CONTROL | |
| campo de control | 5233 |
| 003 - IDENTIFICADOR DE NÚMERO DE CONTROL | |
| campo de control | ES-MaACL |
| 005 - FECHA Y HORA DE LA ÚLTIMA TRANSACCIÓN | |
| campo de control | 20230909113948.0 |
| 007 - CAMPO FIJO DE DESCRIPCIÓN FÍSICA--INFORMACIÓN GENERAL | |
| campo de control de longitud fija | hzrazu bucu |
| 008 - DATOS DE LONGITUD FIJA--INFORMACIÓN GENERAL | |
| campo de control de longitud fija | 900425r19901838fr a 00010 fre d |
| 080 ## - NÚMERO DE LA CLASIFICACIÓN DECIMAL UNIVERSAL | |
| Número de la Clasificación Decimal Universal | 9(44)(08) |
| 245 00 - MENCIÓN DEL TÍTULO | |
| Título | Choix de chroniques et memoires sur l'Histoire de France |
| Resto del título | : [Microforma] / |
| Mención de responsabilidad, etc. | avec notices biographiques par J.A.C. Buchon. |
| 260 ## - PUBLICACIÓN, DISTRIBUCIÓN, ETC. | |
| Lugar de publicación, distribución, etc. | Madrid : |
| Nombre del editor, distribuidor, etc. | Ateneo Cientifico, Literario y Artistico, |
| Fecha de publicación, distribución, etc. | 1990. |
| 300 ## - DESCRIPCIÓN FÍSICA | |
| Extensión | 1 carrete de microfilme : |
| Otras características físicas | negativo ; |
| Dimensiones | 16 mm. |
| 490 1# - MENCIÓN DE SERIE | |
| Mención de serie | Pantheon Litteraire. Litterature francaise. Histoire. XVe siecle |
| 500 ## - NOTA GENERAL | |
| Nota general | Publicado originalmente: Paris, Batignoles-Monceaux, 1838. |
| 505 8# - NOTA DE CONTENIDO CON FORMATO | |
| Nota de contenido con formato | Memoires sur les regnes de Louis XI et Charles VIII / Philippe de Commines. Memoires sur l'expedition de Naples / Guillaume de Villenense. Memoire sur la maison de Bourgone / Olivier de La Marche. Chronique de J. de la Lain / Georges Chastellain. Chronique de la Tremoulle / Jean Bouchet |
| 650 14 - PUNTO DE ACCESO ADICIONAL DE MATERIA--TÉRMINO DE MATERIA | |
| Término de materia o nombre geográfico como elemento de entrada | Obras de 1800. |
| 9 (RLIN) | 15662 |
| 700 1# - ENTRADA AGREGADA--NOMBRE PERSONAL | |
| Nombre de persona | Buchon, Jean-Alexandre. |
| 9 (RLIN) | 126221 |
| 700 1# - ENTRADA AGREGADA--NOMBRE PERSONAL | |
| Nombre de persona | Commines, Philippe de. |
| 9 (RLIN) | 40019 |
| 700 1# - ENTRADA AGREGADA--NOMBRE PERSONAL | |
| Nombre de persona | Villenense, Guillaume de. |
| 9 (RLIN) | 115247 |
| 700 1# - ENTRADA AGREGADA--NOMBRE PERSONAL | |
| Nombre de persona | La Marche, Olivier de. |
| 9 (RLIN) | 69165 |
| 700 1# - ENTRADA AGREGADA--NOMBRE PERSONAL | |
| Nombre de persona | Chastellain, Georges. |
| 9 (RLIN) | 38172 |
| 700 1# - ENTRADA AGREGADA--NOMBRE PERSONAL | |
| Nombre de persona | Bouchet, Jean. |
| 9 (RLIN) | 30835 |
| 740 0# - ENTRADA AGREGADA--TÍTULO RELACIONADO/ANALÍTICO NO CONTROLADO | |
| Título relacionado o analítico no controlado | Memoires sur l'expedition de Naples. |
| 740 0# - ENTRADA AGREGADA--TÍTULO RELACIONADO/ANALÍTICO NO CONTROLADO | |
| Título relacionado o analítico no controlado | Memoire sur la maison de Bourgone. |
| 740 0# - ENTRADA AGREGADA--TÍTULO RELACIONADO/ANALÍTICO NO CONTROLADO | |
| Título relacionado o analítico no controlado | Chronique de J. de la Lain. |
| 740 0# - ENTRADA AGREGADA--TÍTULO RELACIONADO/ANALÍTICO NO CONTROLADO | |
| Título relacionado o analítico no controlado | Chronique de la Tremoulle. |
| 830 0# - PUNTO DE ACCESO ADICIONAL DE SERIE-TÍTULO UNIFORME | |
| Título uniforme | Pantheon Litteraire. Litterature francaise. Histoire. XVe siecle |
| 9 (RLIN) | 177253 |
| 852 ## - LOCALIZACIÓN | |
| Ubicación | ES-MaACL |
| Número de control de estantería | MC-398 |
| itemnumber | 5350 |
| 942 ## - ELEMENTOS DE ENTRADA SECUNDARIOS (KOHA) | |
| Fuente del sistema de clasificación o colocación | Clasificación decimal universal |
| Tipo de ítem Koha | Microforma |
| Estatus retirado | Estado de pérdida | Fuente del sistema de clasificación o colocación | Estado de daño | No para préstamo | Colección | Biblioteca de origen | Biblioteca actual | Ubicación en estantería | Fecha de adquisición | Total de préstamos | Signatura topográfica completa | Código de barras | Visto por última vez | Precio de reemplazo | Tipo de ítem Koha |
|---|---|---|---|---|---|---|---|---|---|---|---|---|---|---|---|
| Clasificación decimal universal | Libros del s. XIX | Biblioteca del Ateneo de Madrid | Biblioteca del Ateneo de Madrid | Depósito 1 | 17/01/2008 | MC-398 | 1005296 | 23/02/2023 | 23/02/2023 | Microforma |
